000 00367nam a2200145Ia 4500
008 151213s9999 xx 000 0 und d
100 _aG.C.Bruneri
245 _aMarketing Seals Hand Book
_cG.C.Bruneri
260 _aU.S.A
_bAmerica Marketing
_c1994
300 _a2757 p.
650 _aMarketing
650 _aMarketing
700 _aG.C.Bruneri
999 _c1867
_d1867